What's That Number? - Statistics

General Stats
  • This quiz has been taken 56 times
  • The average score is 15 of 16
Answer Stats
Hint Answer % Correct
First natural number 1
100%
Number of states that start with the letter D 1
100%
Number of months in a year 12
100%
An odd number that's less than ten 1 / 3 / 5 / 7 / 9
100%
Number of letters in the English alphabet 26
100%
Number of days in February during a leap year 29
100%
Last number on a 12x12 multiplication chart 144
98%
Number of states in the USA 50
98%
Decode the Roman numeral: VIII 8
98%
Two's company, but _'s a crowd 3
96%
Square root of 169 13
92%
Dos 2
92%
Number of seconds in 60 minutes 3600
92%
How many quadrants are on a coordinate plain? 4
92%
If a line on a graph is horizontal, what's the slope of the line? 0
82%
When a number is negative, it is less than... 0
75%
No matching quizzes found
Score Distribution
Percent of People with Each Score
Percentile by Number Answered
Your Score History
You have not taken this quiz